| 000 | 00690nam a22001577a 4500 | ||
|---|---|---|---|
| 005 | 20241202091848.0 | ||
| 008 | 240914b ||||| |||| 00| 0 eng d | ||
| 100 |
_aShelton, Catharyn. _eauthor. _961054 |
||
| 245 |
_aBecoming a better teacher though online teacherpreneurship ? _bfactors influencing online teacherpreneur's pecieved gains in teaching practice / _cCatharyn Shelton, Tray Geiger, and Leanna Archambault. |
||
| 260 |
_aUSA ; _bUnivirsity of Chicago Press, _cSeptember 2021. |
||
| 300 | _avolume 122, pages 8-25. | ||
| 700 |
_aShelton, Catharyn. _eauthor. _961054 |
||
| 700 |
_aGeiger, Tray. _eauthor. _961055 |
||
| 700 |
_aArchambault, Leanna. _eauthor. _961056 |
||
| 942 |
_2ddc _cPER |
||
| 999 |
_c21631 _d21631 |
||